Stavba parních kotlů : určeno konstruktérům parních kotlů a provoz. technikům v kotelnách, žákům stř. odb. škol /

Uložené v:
Podrobná bibliografia
Hlavný autor: Wiesner, František, 1893-1970 (Author)
Médium: Kniha
Jazyk:Czech
Vydané: Praha : Státní nakladatelství technické literatury, 1960
Vydanie:1. vyd.
Edícia:Řada energetické literatury
ISBN: (viaz.)
Fyzický popis: 387, [1] s. : il., fot., grafy.
Tagy: Pridať tag
Žiadne tagy, Buďte prvý kto otaguje tento záznam!

MARC

LEADER 00000nam a22000001 4500
001 000468430
005 20150512151753.0
008 980929s1960 xr e cze d
020 |a (viaz.)  |c Kčs 33,50 
040 |a SVKKK  |b slo  |c SVKKK  |e AACR2 
041 0 |a cze 
044 |a xr  |c CZ 
245 0 0 |a Stavba parních kotlů :  |b určeno konstruktérům parních kotlů a provoz. technikům v kotelnách, žákům stř. odb. škol /  |c F. Wiesner ... [et al.]. 
250 |a 1. vyd. 
260 |a Praha :  |b Státní nakladatelství technické literatury,  |c 1960  |e (Brno :  |f Tisk) 
300 |a 387, [1] s. :  |b il., fot., grafy. 
366 |e 1600 výtl. 
490 1 |a Řada energetické literatury 
504 |a Menný a vecný register 
504 |a Bibliografia 
500 |a Pozn. 
700 1 |a Wiesner, František,  |d 1893-1970  |4 aut 
830 0 |a Řada energetické literatury 
910 |a svkkk 
998 |a BK 
090 |g SCKHL  |k Sklad Pribinova 1. posch.  |a IV.17922  |j 263326  |i 468430-30  |s Prezenčne 
090 |g SCKHL  |k Sklad Pribinova 1. posch.  |a IV.24259  |j 267144  |i 468430-10  |s Prezenčne 
090 |g SCKHL  |k Sklad Pribinova 1. posch.  |a IV.24307  |j 272091  |i 468430-20  |s Prezenčne